Interchanges of insects between agricultural and surrounding landscapes

保存先:
書誌詳細
第一著者: Ekbom, Barbara
フォーマット: 図書
言語:Undetermined
出版事項: Dordrecht, The Netherlands Kluwer Academic Publishers 2000
主題:
タグ: タグ追加
タグなし, このレコードへの初めてのタグを付けませんか!
Thư viện lưu trữ: Trung tâm Học liệu Trường Đại học Cần Thơ
LEADER 00595nam a2200193Ia 4500
001 CTU_64580
008 210402s9999 xx 000 0 und d
020 |b 1752000 
082 |a 630.257775 
082 |b I.61 
100 |a Ekbom, Barbara 
245 0 |a Interchanges of insects between agricultural and surrounding landscapes 
245 0 |c Barbara Ekbom [...et al.] 
260 |a Dordrecht, The Netherlands 
260 |b Kluwer Academic Publishers 
260 |c 2000 
650 |a Agricultural ecology,Biodiversity 
904 |i Minh 
980 |a Trung tâm Học liệu Trường Đại học Cần Thơ